First course in systems biology (Record no. 30478)

MARC details
000 -LEADER
fixed length control field 00479nam a2200181Ia 4500
008 - FIXED-LENGTH DATA ELEMENTS--GENERAL INFORMATION
fixed length control field 230917s9999||||xx |||||||||||||| ||und||
020 ## - ISBN
Price GBP63
040 ## - CATALOGING SOURCE
-- 244235
Original cataloging agency VIVEKANANDA LIBRARY
041 ## - Language
-- English
082 ## - DDC NUMBER
Classification number 570.1 V877F(2)
100 ## - MAIN ENTRY--PERSONAL NAME
Personal name Voit, Eberhard O
245 #0 - TITLE STATEMENT
Title First course in systems biology
250 ## - EDITION STATEMENT
Edition statement 2nd ed.
260 ## - PUBLICATION, DISTRIBUTION, ETC. (IMPRINT)
Place of publication, distribution, etc New York
Name of publisher, distributor, etc Garland Science
Date of publication, distribution, etc 2018
300 ## - PHYSICAL DESCRIPTION
Pages xi, 468 p.
500 ## - GENERAL NOTE
General note 3423 30/01/2019 HBD19/7725 18/02/2019 Main Budget
942 ## - ADDED ENTRY ELEMENTS (KOHA)
Koha item type Books
Holdings
Withdrawn status Lost status Damaged status Not for loan Location (home branch) Sublocation or collection (holding branch) Date acquired Koha issues (times borrowed) Koha full call number Accession No. Koha date last seen Koha item type
        VIVEKANANDA LIBRARY VIVEKANANDA LIBRARY 15/11/2019   570.1 V877F(2) 387900 17/09/2023 Books
© Designed and Maintained by Vivekananda Library, MDU Rohtak